000 00568nam a2200181Ia 4500
005 20250326143558.0
008 250326s9999 xx 000 0 und d
037 _aTextbook
040 _aFMSL
_beng
_cFMSL
041 _aeng
_2eng
084 _aXM5:74 P5
_qFMSL
100 _aFrankel M E S
_9748222
245 0 _aMergers and acquisitions basics : Key steps of acquisitions, divestitures and investments
_cFrankel M E S
260 _aNew Jersey
_bNew Jersey, John Wiley
_c2005
300 _a308p
942 _cTB
_hXM5:74 P5
999 _c1300147
_d1300147